[Event "Toronto-B2"]
[Site "Toronto"]
[Date "2009.03.24"]
[Round "9"]
[White "Stein, Mickey"]
[Black "Cheron, Anthony"]
[Result "0-1"]
[WhiteElo "1957"]
[BlackElo "1975"]
[PlyCount "152"]
[GameId "2160767910265018"]
[EventDate "2009.01.27"]
[EventType "tourn"]
[EventRounds "9"]
[EventCountry "CAN"]
[SourceTitle "EXT 2011"]
[Source "ChessBase"]
[SourceDate "2011.11.26"]
[SourceVersion "1"]
[SourceVersionDate "2011.11.26"]
[SourceQuality "1"]

1. d4 d6 2. Nf3 f6 3. e4 e5 4. c4 g6 5. Nc3 c6 6. Be2 Bh6 7. O-O Qe7 8. b4 Bxc1 9. Qxc1 Kf8 10. a4 Na6 11. b5 Nc7 12. Rd1 c5 13. dxc5 dxc5 14. Nd5 Nxd5 15. cxd5 Bg4 16. d6 Qd8 17. Qxc5 b6 18. Qb4 Bxf3 19. Bxf3 Nh6 20. Be2 Kg7 21. Bc4 Rc8 22. Bd5 Rc5 23. Bc6 Nf7 24. d7 Qe7 25. h3 Nd8 26. Rac1 Ne6 27. Rxc5 Nxc5 28. a5 Rd8 29. axb6 axb6 30. Ra1 Kf8 31. Ra6 Rb8 32. Qa3 Qd6 33. Ra8 Ke7 34. Qa7 Rxa8 35. d8=Q+ Kxd8 36. Qxa8+ Kc7 37. Qa7+ Kc8 38. Qxh7 g5 39. g3 Kd8 40. Qa7 Qc7 41. Qxc7+ Kxc7 42. f3 Ne6 43. Bd5 Nd4 44. Kf2 Nxb5 45. h4 Kd6 46. h5 Ke7 47. f4 Nd4 48. fxg5 fxg5 49. Ke3 Kf6 50. Bb7 g4 51. Bc8 Kg5 52. h6 Kxh6 53. Bxg4 Nb5 54. Kd3 Nd6 55. Bd7 Kg5 56. g4 Kf4 57. Bf5 Ne8 58. Kc4 Nd6+ 59. Kd5 Nf7 60. Ke6 Ng5+ 61. Kd5 b5 62. Kc5 Nxe4+ 63. Kxb5 Nf6 64. Kc4 Nxg4 65. Bd7 Nf6 66. Bc6 Ke3 67. Kc3 Ke2 68. Bb5+ Ke3 69. Kc2 Kd4 70. Kd1 Nd5 71. Ke1 e4 72. Ba6 Nf4 73. Bb5 e3 74. Ba6 Ne6 75. Bb5 Nc5 76. Ba6 Nxa6 0-1

[Event "Toronto-B2"]
[Site "Toronto"]
[Date "2009.03.24"]
[Round "9"]
[White "Tseluiko, Oleg"]
[Black "Florea, Alexandru"]
[Result "1/2-1/2"]
[WhiteElo "1949"]
[BlackElo "1885"]
[PlyCount "64"]
[GameId "2160767910273211"]
[EventDate "2009.01.27"]
[EventType "tourn"]
[EventRounds "9"]
[EventCountry "CAN"]
[SourceTitle "EXT 2011"]
[Source "ChessBase"]
[SourceDate "2011.11.26"]
[SourceVersion "1"]
[SourceVersionDate "2011.11.26"]
[SourceQuality "1"]

1. e4 c5 2. Nc3 d6 3. g3 g6 4. Bg2 Bg7 5. Nge2 Nc6 6. d3 e6 7. Be3 Nge7 8. Qd2 O-O 9. O-O Rb8 10. Bh6 Bxh6 11. Qxh6 d5 12. f4 f5 13. h4 dxe4 14. dxe4 Nd4 15. h5 Rf7 16. Rad1 Nxe2+ 17. Nxe2 Qc7 18. Rd2 Bd7 19. Rfd1 Bc6 20. hxg6 hxg6 21. exf5 Rh7 22. Qg5 Bxg2 23. fxg6 Rh1+ 24. Kf2 Rxd1 25. Qf6 Nf5 26. Qxe6+ Kh8 27. Rxd1 Ng7 28. Rh1+ Bxh1 29. Qh3+ Nh5 30. Qxh5+ Kg8 31. Qxh1 Re8 32. Qh5 Qe7 1/2-1/2

[Event "Toronto-ch Seniors"]
[Site "Toronto CAN"]
[Date "2009.10.13"]
[Round "1"]
[White "Armstrong, Robert J"]
[Black "Tobolovsky, Evgeni"]
[Result "0-1"]
[WhiteElo "1804"]
[BlackElo "1560"]
[PlyCount "30"]
[GameId "2160767910096420"]
[EventDate "2009.10.13"]
[EventType "tourn"]
[EventRounds "7"]
[EventCountry "CAN"]
[SourceTitle "EXT 2011"]
[Source "ChessBase"]
[SourceDate "2011.11.26"]
[SourceVersion "1"]
[SourceVersionDate "2011.11.26"]
[SourceQuality "1"]

1. d4 d5 2. c4 e6 3. e3 Nf6 4. Nf3 Be7 5. Bd3 O-O 6. O-O Nbd7 7. Nc3 c6 8. b3 b6 9. Bb2 Bb7 10. e4 dxe4 11. Nxe4 c5 12. Nxf6+ Bxf6 13. Bc2 Bxf3 14. Qxf3 Bxd4 15. Qe4 Nf6 0-1

[Event "Toronto-ch Seniors"]
[Site "Toronto CAN"]
[Date "2009.10.13"]
[Round "1"]
[White "Pussar, Antonio"]
[Black "Bellomo, Joe"]
[Result "0-1"]
[WhiteElo "1235"]
[BlackElo "1728"]
[PlyCount "106"]
[GameId "2160767910096421"]
[EventDate "2009.10.13"]
[EventType "tourn"]
[EventRounds "7"]
[EventCountry "CAN"]
[SourceTitle "EXT 2011"]
[Source "ChessBase"]
[SourceDate "2011.11.26"]
[SourceVersion "1"]
[SourceVersionDate "2011.11.26"]
[SourceQuality "1"]

1. e4 c5 2. Bc4 e6 3. Nf3 Nc6 4. c3 a6 5. a3 b5 6. Be2 Bb7 7. d3 Qc7 8. h3 e5 9. Be3 Nf6 10. Nh4 g6 11. Nd2 d5 12. Bg5 Bg7 13. O-O d4 14. c4 O-O 15. f4 exf4 16. e5 Qxe5 17. Bxf4 Qe6 18. Bg4 Nxg4 19. hxg4 Bc8 20. Ne4 bxc4 21. Nxc5 Qe7 22. Ne4 Qxh4 23. Bg3 Qxg4 24. Qxg4 Bxg4 25. Nf2 Be2 26. Rfc1 Na5 27. dxc4 Nb3 28. c5 Nxa1 29. Rxa1 d3 30. Rb1 Bd4 31. b4 Rfc8 32. Kh2 Bxf2 33. Bxf2 d2 34. Be1 d1=Q 35. Rxd1 Bxd1 36. Bc3 Ba4 37. Kh3 a5 38. g4 axb4 39. Bxb4 Bd7 40. Kh4 f5 41. gxf5 Bxf5 42. Kg5 Rc6 43. Kf4 Re8 44. a4 Re4+ 45. Kg5 Rxb4 46. a5 Rxc5 47. a6 Ra4 48. a7 Rxa7 49. Kf6 Rc2 50. Kg5 Kg7 51. Kf4 Kf6 52. Ke3 Ra3+ 53. Kd4 Rd3# 0-1

[Event "Toronto-ch Seniors"]
[Site "Toronto CAN"]
[Date "2009.10.13"]
[Round "1"]
[White "Stein, Mickey"]
[Black "Moran-Venegas, Mario"]
[Result "1-0"]
[WhiteElo "2042"]
[BlackElo "1656"]
[PlyCount "139"]
[GameId "2160767910096422"]
[EventDate "2009.10.13"]
[EventType "tourn"]
[EventRounds "7"]
[EventCountry "CAN"]
[SourceTitle "EXT 2011"]
[Source "ChessBase"]
[SourceDate "2011.11.26"]
[SourceVersion "1"]
[SourceVersionDate "2011.11.26"]
[SourceQuality "1"]

1. e4 c5 2. Nf3 d6 3. d4 cxd4 4. Qxd4 a6 5. c4 Nc6 6. Qd1 Nf6 7. Nc3 g6 8. Be2 Bg7 9. O-O O-O 10. h3 Nd7 11. Be3 Nc5 12. Nd4 Qc7 13. Nd5 Qd8 14. f3 Ne6 15. Nxe6 Bxe6 16. Rb1 Bxd5 17. cxd5 Na7 18. Qd2 Nb5 19. Rfc1 Qd7 20. a4 Nc7 21. b3 Rfc8 22. Qb4 Ne8 23. Rc4 a5 24. Qd2 Rxc4 25. Bxc4 Qd8 26. Qf2 Nf6 27. Bb6 Qc8 28. Qd2 Nd7 29. Be3 Nc5 30. Bd4 b6 31. Bxg7 Kxg7 32. Qd4+ f6 33. f4 Nd7 34. Kh2 Qc5 35. Qd2 Qb4 36. Qe2 Nc5 37. e5 dxe5 38. fxe5 Qc3 39. exf6+ Qxf6 40. Re1 Re8 41. Bb5 Nd7 42. Bxd7 Qd6+ 43. Qe5+ Qxe5+ 44. Rxe5 Rd8 45. Be6 Rb8 46. Re3 b5 47. Rf3 bxa4 48. bxa4 Rb7 49. Rc3 Ra7 50. Rc8 Kf6 51. Rh8 Kg7 52. Rd8 Kf6 53. Kg3 g5 54. Rf8+ Kg7 55. Rf7+ Kg6 56. Kf3 h5 57. Ke4 g4 58. Kd4 gxh3 59. gxh3 Rb7 60. Kc5 Rb4 61. Rxe7 Rxa4 62. Ra7 Ra3 63. d6 Kf6 64. Bc4 Ra1 65. Rb7 Rd1 66. Rb3 a4 67. Rd3 Rxd3 68. Bxd3 Kf7 69. Kc6 Ke8 70. Kc7 1-0

[Event "Toronto-ch Seniors"]
[Site "Toronto CAN"]
[Date "2009.10.13"]
[Round "1"]
[White "Termeer, Ted"]
[Black "Azmitia, Gabriel"]
[Result "1-0"]
[WhiteElo "1464"]
[BlackElo "1467"]
[PlyCount "126"]
[GameId "2160767910096423"]
[EventDate "2009.10.13"]
[EventType "tourn"]
[EventRounds "7"]
[EventCountry "CAN"]
[SourceTitle "EXT 2011"]
[Source "ChessBase"]
[SourceDate "2011.11.26"]
[SourceVersion "1"]
[SourceVersionDate "2011.11.26"]
[SourceQuality "1"]

1. Nf3 d5 2. d4 b6 3. Nc3 Bb7 4. e3 a6 5. Ne2 g6 6. Ng3 Nf6 7. Bd3 Nbd7 8. c3 Rc8 9. h4 Ne4 10. Qe2 Nb8 11. Ng5 h6 12. N5xe4 dxe4 13. Bxe4 Bxe4 14. Nxe4 f5 15. Nd2 Qd5 16. Qf3 Qf7 17. g3 Bg7 18. Nf1 O-O 19. Nh2 Nd7 20. O-O Nf6 21. Qe2 Ne4 22. Qxa6 e6 23. Qe2 e5 24. Nf3 exd4 25. cxd4 Ra8 26. Nd2 Nd6 27. b3 c5 28. Bb2 Rfe8 29. Nc4 Nc8 30. Qf3 Ra7 31. Rfd1 Qd7 32. Rd2 Qf7 33. dxc5 Bxb2 34. Nxb2 bxc5 35. Qd5 Qxd5 36. Rxd5 Rc7 37. Nc4 Ne7 38. Rd2 Nc6 39. Rad1 Ra7 40. Rd6 Ne7 41. Rd8 Kf8 42. Rxe8+ Kxe8 43. Rd2 g5 44. hxg5 hxg5 45. Kg2 Ra6 46. Kf3 Kf7 47. e4 fxe4+ 48. Kxe4 Re6+ 49. Kf3 Nf5 50. Kg2 Nd4 51. Ne3 Re5 52. b4 Nf5 53. Nxf5 Rxf5 54. bxc5 Rxc5 55. a4 Ra5 56. Ra2 Ke6 57. Kf3 Kd5 58. Kg4 Kc6 59. f4 gxf4 60. gxf4 Kd6 61. f5 Ke7 62. Kg5 Kf7 63. Ra3 Kg7 1-0

[Event "Toronto-ch Seniors"]
[Site "Toronto CAN"]
[Date "2009.10.20"]
[Round "2"]
[White "Azmitia, Gabriel"]
[Black "Bellomo, Joe"]
[Result "0-1"]
[WhiteElo "1467"]
[BlackElo "1728"]
[PlyCount "82"]
[GameId "2160767910096424"]
[EventDate "2009.10.13"]
[EventType "tourn"]
[EventRounds "7"]
[EventCountry "CAN"]
[SourceTitle "EXT 2011"]
[Source "ChessBase"]
[SourceDate "2011.11.26"]
[SourceVersion "1"]
[SourceVersionDate "2011.11.26"]
[SourceQuality "1"]

1. d4 Nf6 2. Nf3 e6 3. a3 d5 4. e3 c5 5. b3 Be7 6. Bd3 O-O 7. O-O Nc6 8. Bb2 a6 9. c4 dxc4 10. bxc4 cxd4 11. exd4 b6 12. Qe2 Bb7 13. Bc3 Qc7 14. h3 Rfd8 15. Nbd2 Qf4 16. Nb3 Na7 17. Bd2 Bxf3 18. gxf3 Qh4 19. Kg2 Nc6 20. Be3 e5 21. dxe5 Nxe5 22. Rad1 Nxd3 23. Rxd3 Rxd3 24. Qxd3 Rd8 25. Qc2 Rc8 26. Nd2 Bc5 27. Qf5 Re8 28. Bxc5 bxc5 29. Qxc5 Nh5 30. Rh1 Nf4+ 31. Kg1 Nd3 32. Qb6 Qg5+ 33. Kh2 Qxd2 34. Qd4 Qxf2+ 35. Qxf2 Nxf2 36. Rc1 Nd3 37. Rc3 Nc5 38. Kg3 g6 39. Kf4 Kg7 40. Re3 Rd8 41. Re5 Nd3+ 0-1

[Event "Toronto-ch Seniors"]
[Site "Toronto CAN"]
[Date "2009.10.20"]
[Round "2"]
[White "Moran-Venegas, Mario"]
[Black "Armstrong, Robert J"]
[Result "1/2-1/2"]
[WhiteElo "1656"]
[BlackElo "1857"]
[PlyCount "88"]
[GameId "2160767910096425"]
[EventDate "2009.10.13"]
[EventType "tourn"]
[EventRounds "7"]
[EventCountry "CAN"]
[SourceTitle "EXT 2011"]
[Source "ChessBase"]
[SourceDate "2011.11.26"]
[SourceVersion "1"]
[SourceVersionDate "2011.11.26"]
[SourceQuality "1"]

1. e4 g6 2. d4 Bg7 3. c4 d6 4. f4 Nf6 5. Nc3 O-O 6. Nf3 c5 7. d5 Na6 8. Be2 Bd7 9. O-O Nc7 10. Qc2 a6 11. a4 b6 12. Rb1 Rb8 13. h3 b5 14. axb5 axb5 15. b3 b4 16. Nd1 Nxe4 17. g4 Nc3 18. Nxc3 bxc3 19. Bd1 Na6 20. Be3 Ra8 21. Rf2 Nb4 22. Qe2 Ra2 23. Qxa2 Nxa2 24. Rxa2 Qb6 25. Bc2 e6 26. dxe6 Bxe6 27. Rba1 Rc8 28. Ra7 d5 29. f5 Qd6 30. Kf2 d4 31. Bg5 f6 32. R1a6 Qf8 33. fxe6 fxg5 34. Rf7 Qe8 35. Raa7 Bf8 36. Nxg5 Rc6 37. Nxh7 Rxe6 38. Rxf8+ Qxf8+ 39. Nxf8 Kxf8 40. Rc7 Re3 41. Rxc5 d3 42. Bxd3 Rxd3 43. Ke2 c2 44. Kxd3 c1=Q 1/2-1/2

[Event "Toronto-ch Seniors"]
[Site "Toronto CAN"]
[Date "2009.10.20"]
[Round "2"]
[White "Termeer, Ted"]
[Black "Stein, Mickey"]
[Result "0-1"]
[WhiteElo "1464"]
[BlackElo "2042"]
[PlyCount "114"]
[GameId "2160767910096426"]
[EventDate "2009.10.13"]
[EventType "tourn"]
[EventRounds "7"]
[EventCountry "CAN"]
[SourceTitle "EXT 2011"]
[Source "ChessBase"]
[SourceDate "2011.11.26"]
[SourceVersion "1"]
[SourceVersionDate "2011.11.26"]
[SourceQuality "1"]

1. Nf3 Nf6 2. d4 g6 3. c4 Bg7 4. Nc3 O-O 5. e3 c5 6. Bd2 d6 7. Be2 Na6 8. a3 Bd7 9. O-O Re8 10. Rc1 e5 11. dxe5 dxe5 12. h3 e4 13. Nh2 Qe7 14. f3 Bc6 15. f4 Nc7 16. Qc2 h5 17. Be1 Nh7 18. g4 hxg4 19. hxg4 Kh8 20. b3 f5 21. Rd1 Rad8 22. Rxd8 Rxd8 23. Bf2 a6 24. Kg2 Ne6 25. gxf5 gxf5 26. Rd1 Rg8 27. Kh1 Nxf4 28. Nd5 Bxd5 29. cxd5 Nh3 30. Bf1 Nxf2+ 31. Qxf2 Qg5 32. a4 Be5 33. Bc4 Rg6 34. Rg1 Qxg1+ 35. Qxg1 Rxg1+ 36. Kxg1 Kg7 37. Kg2 Bxh2 38. Kxh2 Kf6 39. Kg3 Ke5 40. a5 Nf6 41. Kf2 Nxd5 42. Ke2 Ne7 43. Kd2 Nc6 44. Kc3 f4 45. exf4+ Kxf4 46. Kd2 Nxa5 47. Bd5 e3+ 48. Ke2 Nc6 49. Bf7 Nd4+ 50. Ke1 b5 51. Bg8 a5 52. Bf7 a4 53. bxa4 bxa4 54. Bc4 a3 55. Ba2 Nc2+ 56. Ke2 Nb4 57. Bc4 a2 0-1

[Event "Toronto-ch Seniors"]
[Site "Toronto CAN"]
[Date "2009.10.20"]
[Round "2"]
[White "Tobolovsky, Evgeni"]
[Black "Pussar, Antonio"]
[Result "1-0"]
[WhiteElo "1560"]
[BlackElo "1235"]
[PlyCount "41"]
[GameId "2160767910096427"]
[EventDate "2009.10.13"]
[EventType "tourn"]
[EventRounds "7"]
[EventCountry "CAN"]
[SourceTitle "EXT 2011"]
[Source "ChessBase"]
[SourceDate "2011.11.26"]
[SourceVersion "1"]
[SourceVersionDate "2011.11.26"]
[SourceQuality "1"]

1. e4 e5 2. Nf3 d6 3. d4 Be6 4. dxe5 h6 5. Nc3 a6 6. Bf4 g5 7. Bg3 Nc6 8. exd6 Bxd6 9. Bxd6 cxd6 10. Nd4 Qd7 11. Nxc6 bxc6 12. Qd4 Rh7 13. O-O-O Ke7 14. e5 d5 15. Qc5+ Ke8 16. Ne4 Qc7 17. Nd6+ Kd7 18. Bd3 Rg7 19. Nf5 Bxf5 20. Bxf5+ Kd8 21. Qf8# 1-0

[Event "Toronto-ch Seniors"]
[Site "Toronto CAN"]
[Date "2009.10.27"]
[Round "3"]
[White "Armstrong, Robert J"]
[Black "Termeer, Ted"]
[Result "1-0"]
[WhiteElo "1857"]
[BlackElo "1464"]
[PlyCount "65"]
[GameId "2160767910096428"]
[EventDate "2009.10.13"]
[EventType "tourn"]
[EventRounds "7"]
[EventCountry "CAN"]
[SourceTitle "EXT 2011"]
[Source "ChessBase"]
[SourceDate "2011.11.26"]
[SourceVersion "1"]
[SourceVersionDate "2011.11.26"]
[SourceQuality "1"]

1. d4 Nf6 2. c4 g6 3. Nc3 Bg7 4. e4 O-O 5. f3 d6 6. Be3 c6 7. Nge2 Nbd7 8. g4 e5 9. d5 Nb6 10. Ng3 Ne8 11. Qd2 f6 12. Bh6 Bd7 13. h4 Qc8 14. Bxg7 Nxg7 15. g5 f5 16. exf5 Nxf5 17. Nxf5 Rxf5 18. Be2 Qf8 19. Ne4 Rf4 20. O-O-O Bf5 21. Nf6+ Kg7 22. dxc6 Rd4 23. Qc3 Rxd1+ 24. Rxd1 bxc6 25. f4 Na4 26. Qa5 Nc5 27. Qc7+ Qf7 28. Qxd6 Na4 29. Qxc6 Nb6 30. b3 Qe7 31. Qd6 Qb7 32. Qxe5 Nxc4 33. Bxc4 1-0

[Event "Toronto-ch Seniors"]
[Site "Toronto CAN"]
[Date "2009.10.27"]
[Round "3"]
[White "Bellomo, Joe"]
[Black "Tobolovsky, Evgeni"]
[Result "0-1"]
[WhiteElo "1728"]
[BlackElo "1560"]
[PlyCount "108"]
[GameId "2160767910096429"]
[EventDate "2009.10.13"]
[EventType "tourn"]
[EventRounds "7"]
[EventCountry "CAN"]
[SourceTitle "EXT 2011"]
[Source "ChessBase"]
[SourceDate "2011.11.26"]
[SourceVersion "1"]
[SourceVersionDate "2011.11.26"]
[SourceQuality "1"]

1. e4 e5 2. Nf3 Nc6 3. Bb5 a6 4. Ba4 Nf6 5. O-O Be7 6. Re1 b5 7. Bb3 d6 8. c3 O-O 9. h3 Nb8 10. d4 Nbd7 11. d5 Bb7 12. Nbd2 c6 13. dxc6 Bxc6 14. Bc2 Qc7 15. Nf1 Rfe8 16. Ng3 Bf8 17. Nf5 Nc5 18. Ng3 g6 19. Bg5 Bg7 20. Bxf6 Bxf6 21. Nh2 Rad8 22. Ng4 Bg7 23. Qc1 Ne6 24. Bb3 Nf4 25. Qc2 Qb7 26. Re3 h5 27. Nh2 d5 28. exd5 Bxd5 29. Nf3 Bxf3 30. gxf3 Nxh3+ 31. Kh2 Nf4 32. Rg1 Qd7 33. Nf5 Qxf5 34. Qxf5 gxf5 35. Rg5 Rd2 36. Rxf5 Red8 37. Bxf7+ Kh8 38. Kg3 h4+ 39. Kg4 Rxf2 40. Kxh4 Rd1 41. Rxf4 exf4 42. Re8+ Kh7 43. Kg5 Bh6+ 44. Kf5 Rd7 45. Bg8+ Kg7 46. Be6 Rc7 47. Rg8+ Kh7 48. Rg1 Rxf3 49. Bg8+ Kh8 50. Be6 Rg3 51. Rh1 Kg7 52. Rd1 f3 53. Rd8 f2 54. Rg8+ Kh7 0-1

[Event "Toronto-ch Seniors"]
[Site "Toronto CAN"]
[Date "2009.10.27"]
[Round "3"]
[White "Pussar, Antonio"]
[Black "Moran-Venegas, Mario"]
[Result "0-1"]
[WhiteElo "1235"]
[BlackElo "1656"]
[PlyCount "84"]
[GameId "2160767910096430"]
[EventDate "2009.10.13"]
[EventType "tourn"]
[EventRounds "7"]
[EventCountry "CAN"]
[SourceTitle "EXT 2011"]
[Source "ChessBase"]
[SourceDate "2011.11.26"]
[SourceVersion "1"]
[SourceVersionDate "2011.11.26"]
[SourceQuality "1"]

1. e4 c5 2. Bc4 a6 3. Nf3 e6 4. a3 Nc6 5. c3 b5 6. Be2 Nf6 7. h3 Nxe4 8. d3 Nf6 9. Bf4 d5 10. Nbd2 Bb7 11. O-O Bd6 12. Bh2 O-O 13. Nh4 d4 14. f4 dxc3 15. bxc3 Nd5 16. Rf3 Qxh4 17. Bg3 Qe7 18. Ne4 Nf6 19. Bh4 Kh8 20. Qd2 Na5 21. Rb1 Nxe4 22. Qe1 Nf6 23. Rf1 Qd8 24. Qg3 Be7 25. Qe3 Nd5 26. Qd2 Bxh4 27. Kh2 Bf6 28. d4 cxd4 29. cxd4 Nc6 30. Bg4 Nxd4 31. Qd3 Rc8 32. g3 Rc2+ 33. Kg1 Nc3 34. Bf3 Nxf3+ 35. Rxf3 Qxd3 36. Rxd3 Nxb1 37. h4 Rg2+ 38. Kf1 Nd2+ 39. Ke1 Nf3+ 40. Kd1 Rd8 41. Rxd8+ Bxd8 42. Kc1 Rd2 0-1

[Event "Toronto-ch Seniors"]
[Site "Toronto CAN"]
[Date "2009.10.27"]
[Round "3"]
[White "Stein, Mickey"]
[Black "Azmitia, Gabriel"]
[Result "1-0"]
[WhiteElo "2042"]
[BlackElo "1467"]
[PlyCount "61"]
[GameId "2160767910096431"]
[EventDate "2009.10.13"]
[EventType "tourn"]
[EventRounds "7"]
[EventCountry "CAN"]
[SourceTitle "EXT 2011"]
[Source "ChessBase"]
[SourceDate "2011.11.26"]
[SourceVersion "1"]
[SourceVersionDate "2011.11.26"]
[SourceQuality "1"]

1. e4 c5 2. Nf3 e6 3. d4 cxd4 4. Nxd4 Nf6 5. Nc3 d6 6. g4 h6 7. h4 h5 8. g5 Ng4 9. Be2 a6 10. Bxg4 hxg4 11. Be3 e5 12. Nf5 g6 13. Ng3 Be6 14. Qd2 Nc6 15. O-O-O b5 16. Nd5 Bxd5 17. exd5 Na5 18. b3 Rc8 19. h5 Bg7 20. hxg6 fxg6 21. Rxh8+ Bxh8 22. Qd3 Kf7 23. f3 gxf3 24. Bd2 Nb7 25. Qxf3+ Kg8 26. Ne4 Qf8 27. Qh3 Qf5 28. Qh4 Kf7 29. Qh1 Kg7 30. Rf1 Qg4 31. Nf6 1-0

[Event "Toronto-ch Seniors"]
[Site "Toronto CAN"]
[Date "2009.11.03"]
[Round "4"]
[White "Azmitia, Gabriel"]
[Black "Tobolovsky, Evgeni"]
[Result "0-1"]
[WhiteElo "1467"]
[BlackElo "1560"]
[PlyCount "86"]
[GameId "2160767910096432"]
[EventDate "2009.10.13"]
[EventType "tourn"]
[EventRounds "7"]
[EventCountry "CAN"]
[SourceTitle "EXT 2011"]
[Source "ChessBase"]
[SourceDate "2011.11.26"]
[SourceVersion "1"]
[SourceVersionDate "2011.11.26"]
[SourceQuality "1"]

1. d4 d5 2. Nf3 Nf6 3. e3 Bf5 4. Bd3 Bxd3 5. Qxd3 c6 6. Ne5 e6 7. O-O Bd6 8. f4 O-O 9. Nd2 Nbd7 10. b3 Rc8 11. Bb2 Qe7 12. a3 Rfe8 13. Qe2 c5 14. c3 Rc7 15. Rf2 Rec8 16. g4 Ne4 17. Nxe4 dxe4 18. g5 Bxe5 19. dxe5 c4 20. b4 Nb6 21. Rd1 Rd7 22. Rd4 Rcd8 23. Rg2 Rd5 24. h4 Qd7 25. Qc2 Rxd4 26. exd4 e3 27. Qe4 Nd5 28. Rc2 Qa4 29. Kf1 Nxf4 30. Bc1 Nd3 31. Qg2 Nf4 32. Qh2 e2+ 33. Rxe2 Nxe2 34. Qxe2 Qc6 35. Kg1 b5 36. h5 f6 37. gxf6 gxf6 38. Qg4+ Kf7 39. Kh2 Rg8 40. Qe2 f5 41. h6 Rg4 42. Qf1 Qe4 43. Qh3 Rh4 0-1

[Event "Toronto-ch Seniors"]
[Site "Toronto CAN"]
[Date "2009.11.03"]
[Round "4"]
[White "Moran-Venegas, Mario"]
[Black "Bellomo, Joe"]
[Result "0-1"]
[WhiteElo "1656"]
[BlackElo "1728"]
[PlyCount "78"]
[GameId "2160767910096433"]
[EventDate "2009.10.13"]
[EventType "tourn"]
[EventRounds "7"]
[EventCountry "CAN"]
[SourceTitle "EXT 2011"]
[Source "ChessBase"]
[SourceDate "2011.11.26"]
[SourceVersion "1"]
[SourceVersionDate "2011.11.26"]
[SourceQuality "1"]

1. e4 c5 2. Nf3 d6 3. d4 cxd4 4. Nxd4 Nf6 5. Nc3 a6 6. Be3 Nc6 7. Be2 e6 8. O-O Be7 9. f4 Qc7 10. Kh1 O-O 11. g4 Nxd4 12. Bxd4 b5 13. g5 Ne8 14. a3 Bb7 15. Bd3 e5 16. Be3 f5 17. Nd5 Bxd5 18. exd5 e4 19. Be2 Rc8 20. Rc1 Qb7 21. b3 Nc7 22. c4 bxc4 23. Bxc4 Nb5 24. a4 Na3 25. Qd4 Nxc4 26. bxc4 Qb3 27. a5 Bd8 28. Bd2 Rf7 29. g6 hxg6 30. Rg1 Qf3+ 31. Rg2 Bf6 32. Qb6 Rfc7 33. Qxd6 Rxc4 34. Rxc4 Rxc4 35. Qb8+ Kh7 36. Qe8 Qh5 37. Be3 Rb4 38. d6 Rb1+ 39. Bg1 Bd4 0-1

[Event "Toronto-ch Seniors"]
[Site "Toronto CAN"]
[Date "2009.11.03"]
[Round "4"]
[White "Stein, Mickey"]
[Black "Armstrong, Robert J"]
[Result "1-0"]
[WhiteElo "2042"]
[BlackElo "1857"]
[PlyCount "83"]
[GameId "2160767910096434"]
[EventDate "2009.10.13"]
[EventType "tourn"]
[EventRounds "7"]
[EventCountry "CAN"]
[SourceTitle "EXT 2011"]
[Source "ChessBase"]
[SourceDate "2011.11.26"]
[SourceVersion "1"]
[SourceVersionDate "2011.11.26"]
[SourceQuality "1"]

1. e4 g6 2. d4 Bg7 3. Nc3 d6 4. f4 Nf6 5. Nf3 O-O 6. Bd3 c5 7. dxc5 Qa5 8. Bd2 Qxc5 9. Qe2 a6 10. O-O-O Qc7 11. Rdg1 Nc6 12. h3 b5 13. g4 b4 14. Nd5 Nxd5 15. exd5 Nd4 16. Nxd4 Bxd4 17. Be3 Bg7 18. h4 a5 19. h5 b3 20. a3 bxc2 21. hxg6 Rb8 22. Bxc2 Rxb2 23. Rxh7 Ba6 24. Rxg7+ Kxg7 25. Qd2 Ra2 26. Kb1 Bc4 27. Bd4+ f6 28. Qc3 Rb8+ 29. Kc1 Rbb2 30. Rg2 Ra1+ 31. Kd2 Rxc2+ 32. Qxc2 Ra2 33. Bb2 Qb7 34. Kc1 Qxd5 35. Rd2 Qc5 36. g5 Qg1+ 37. Rd1 Qe3+ 38. Kb1 Qb6 39. gxf6+ exf6 40. Qc3 d5 41. f5 Qf2 42. Qxf6+ 1-0

[Event "Toronto-ch Seniors"]
[Site "Toronto CAN"]
[Date "2009.11.03"]
[Round "4"]
[White "Termeer, Ted"]
[Black "Pussar, Antonio"]
[Result "1-0"]
[WhiteElo "1464"]
[BlackElo "1235"]
[PlyCount "147"]
[GameId "2160767910096435"]
[EventDate "2009.10.13"]
[EventType "tourn"]
[EventRounds "7"]
[EventCountry "CAN"]
[SourceTitle "EXT 2011"]
[Source "ChessBase"]
[SourceDate "2011.11.26"]
[SourceVersion "1"]
[SourceVersionDate "2011.11.26"]
[SourceQuality "1"]

1. Nf3 d5 2. d4 Nc6 3. Bf4 h6 4. h3 Bf5 5. a3 e6 6. Nc3 a6 7. e3 Be7 8. Bd3 Be4 9. Bxe4 dxe4 10. Nxe4 Qd5 11. Nc3 Qd7 12. Ne5 Nxe5 13. Bxe5 Nf6 14. O-O O-O 15. Qd3 c6 16. Bh2 b5 17. f4 Nd5 18. e4 Nb6 19. Ne2 Nc4 20. Qc3 Nd6 21. Ng3 a5 22. b3 b4 23. axb4 Nb5 24. Qd3 Bxb4 25. Ne2 c5 26. c3 Bxc3 27. Nxc3 Qxd4+ 28. Qxd4 Nxd4 29. Rfb1 f5 30. e5 Rfd8 31. Na4 Nc2 32. Ra2 Nb4 33. Re2 Rac8 34. Bg3 c4 35. Nb6 Rb8 36. Nxc4 Rd3 37. Kh2 Nd5 38. Nxa5 Nc3 39. Reb2 Nxb1 40. Rxb1 Rb5 41. b4 Kf7 42. Bf2 Kg6 43. Bc5 Kh5 44. Rb3 Rd2 45. Rg3 g5 46. fxg5 hxg5 47. Be7 g4 48. hxg4+ fxg4 49. Bd6 Kg5 50. Nc4 Rd4 51. Na5 Kf4 52. Ra3 Rbd5 53. Nc6 Rc4 54. Nd8 Kf5 55. Rb3 Rc8 56. Nb7 Rh8+ 57. Kg1 Rd1+ 58. Kf2 Kf4 59. Ke2 Rhh1 60. g3+ Kf5 61. Rd3 Ra1 62. Bc5 Rhe1+ 63. Kf2 Rxe5 64. Nd6+ Kf6 65. Bd4 Ra2+ 66. Kf1 Rh2 67. Bxe5+ Kxe5 68. Nf7+ Ke4 69. Rb3 Kd4 70. b5 Kc4 71. Re3 Kxb5 72. Rxe6 Rd2 73. Rg6 Rd4 74. Nh6 1-0

[Event "Toronto-ch Seniors"]
[Site "Toronto CAN"]
[Date "2009.11.10"]
[Round "5"]
[White "Armstrong, Robert J"]
[Black "Azmitia, Gabriel"]
[Result "1/2-1/2"]
[WhiteElo "1829"]
[BlackElo "1467"]
[PlyCount "102"]
[GameId "2160767910096436"]
[EventDate "2009.10.13"]
[EventType "tourn"]
[EventRounds "7"]
[EventCountry "CAN"]
[SourceTitle "EXT 2011"]
[Source "ChessBase"]
[SourceDate "2011.11.26"]
[SourceVersion "1"]
[SourceVersionDate "2011.11.26"]
[SourceQuality "1"]

1. d4 d5 2. c4 e6 3. e3 b6 4. Nf3 Nf6 5. Bd3 Bb7 6. O-O Nbd7 7. Nc3 a6 8. b3 Bd6 9. Bb2 O-O 10. Re1 Ne4 11. cxd5 exd5 12. Ne2 Qe7 13. Ng3 f5 14. Qc2 g6 15. Rac1 Rac8 16. a4 h5 17. Nd2 Ndf6 18. Ndxe4 fxe4 19. Be2 Qf7 20. f3 h4 21. Nh1 Rce8 22. Nf2 g5 23. fxe4 dxe4 24. Rf1 Qg6 25. Bc4+ Kh7 26. Qe2 Ra8 27. Ng4 Nxg4 28. Qxg4 Bc8 29. Qe2 Bb7 30. d5 a5 31. Qd2 Bc5 32. Bd4 Bd6 33. Qc3 Rae8 34. Rf6 Rxf6 35. Bxf6 Bb4 36. Qb2 Rf8 37. Rf1 Bc5 38. Bd4 Rxf1+ 39. Kxf1 Bd6 40. Kg1 Bc8 41. Be5 Bf5 42. Bxd6 Qxd6 43. Qd4 g4 44. Qd1 Kg6 45. Be2 Kg5 46. Qd4 g3 47. h3 Qa3 48. Qg7+ Bg6 49. Qe5+ Kh6 50. Qh8+ Kg5 51. Qe5+ Kh6 1/2-1/2